Estatísticas para Você Consegue Nomear Esses 50 Países Aleatórios?

Clique aqui para jogar o quiz

Estatísticas Gerais

  • Esse quiz foi jogado 37 138 vezes
  • A pontuação média é 30 de 50

Respostas no mapa

Respostas codificadas por cores de uma escala verde-vermelha no mapa do quiz de acordo com a % correta abaixo.
 

Estatísticas das Respostas

País% Correto
Brasil
99%
Canadá
98%
Estados Unidos
98%
Rússia
98%
Chile
97%
Argentina
96%
México
96%
Austrália
93%
China
93%
Índia
90%
Paraguai
90%
Uruguai
90%
França
88%
Peru
88%
Bolívia
87%
Itália
87%
Japão
87%
África do Sul
86%
Colômbia
85%
Dinamarca
85%
Espanha
85%
Venezuela
85%
Reino Unido
84%
Egito
83%
Noruega
83%
Madagáscar
82%
Portugal
82%
Suécia
82%
Suriname
81%
Cuba
80%
Equador
80%
Guiana
80%
Alemanha
79%
Islândia
78%
Finlândia
77%
Indonésia
77%
Mongólia
77%
Nova Zelândia
76%
Marrocos
75%
Ucrânia
74%
Panamá
73%
Arábia Saudita
72%
Irlanda
72%
Turquia
71%
Coreia do Sul
70%
Argélia
69%
Coreia do Norte
69%
Cazaquistão
68%
República Democrática do Congo
68%
Papua Nova Guiné
67%
Polônia
66%
Grécia
65%
Irão
65%
Sudão
65%
Suíça
64%
Angola
63%
Bélgica
63%
Costa Rica
63%
Filipinas
63%
Países Baixos
63%
Líbia
62%
Nicarágua
62%
Somália
62%
Bahamas
61%
Bielorrússia
61%
Guatemala
61%
Moçambique
61%
Vietname
61%
Estônia
60%
Haiti
60%
Honduras
60%
Nepal
60%
Paquistão
60%
Tailândia
60%
Áustria
59%
El Salvador
59%
Níger
59%
Etiópia
58%
Letónia
58%
Lituânia
58%
Taiwan
58%
Tunísia
58%
Jamaica
57%
Nigéria
57%
Sri Lanka
57%
Croácia
56%
Iraque
56%
Omã
56%
Belize
55%
Laos
55%
República do Congo
55%
República Dominicana
55%
Romênia
55%
Cabo Verde
54%
Lesoto
54%
Mali
54%
Namíbia
54%
Afeganistão
53%
Israel
52%
Malásia
52%
República Checa
52%
Birmânia
51%
Chade
51%
Hungria
50%
Iémen
50%
Senegal
50%
Butão
49%
Eslováquia
49%
Mauritânia
49%
Sérvia
49%
Bangladesh
48%
Chipre
48%
Eslovénia
48%
Guiné
48%
Síria
48%
Botswana
47%
Camboja
47%
Emirados Árabes Unidos
47%
Gana
47%
Sudão do Sul
47%
Bulgária
46%
Costa do Marfim
46%
Jordânia
46%
Moldávia
46%
República Centro-Africana
46%
Uzbequistão
46%
Zimbábue
46%
Albânia
45%
Bósnia e Herzegovina
45%
Catar
45%
Eritreia
45%
Estados Federados da Micronésia
45%
Fiji
45%
Quênia
45%
Zâmbia
45%
Camarões
44%
Tanzânia
44%
Togo
44%
Essuatíni
43%
Geórgia
43%
Kosovo
43%
Líbano
43%
Macedónia do Norte
42%
Turquemenistão
42%
Malawi
41%
Montenegro
41%
Quirguistão
41%
Armênia
40%
Benim
40%
Guiné-Bissau
40%
Tajiquistão
40%
Gabão
39%
Guiné Equatorial
39%
Ruanda
39%
Serra Leoa
39%
Azerbaijão
38%
Ilhas Salomão
38%
Libéria
38%
Uganda
38%
Kiribati
37%
Kuweit
37%
Maurícia
37%
Timor Leste
37%
Burkina Faso
36%
Gâmbia
36%
Seychelles
36%
Trinidad e Tobago
36%
Burundi
35%
Djibouti
35%
Ilhas Marshall
34%
Comores
33%
Palau
33%
Vanuatu
33%

Distribuição das Pontuações

Percentil de Números Respondidos

Porcentagem de Pessoas com Cada Pontuação

Sua Pontuação Histórica

Você não jogou esse quiz